Statistics for Lana Del Rey - Happiness is a butterfly (all lyrics)

Click here to take the quiz!

General Stats

  • This quiz has been taken 1,461 times
    (1,114 since last reset)
  • The average score is 289 of 362

Answer Stats

Answer% Correct
I
100%
a
99%
happen
97%
butterfly
96%
is
96%
you
95%
Do
94%
do
94%
Happiness
94%
me
94%
then
94%
to
94%
I'm
93%
in
93%
The
93%
the
93%
it,
91%
it
91%
It
91%
not?
90%
or
90%
on
89%
want
89%
catch
88%
like,
88%
like
88%
Try
87%
be
86%
Every
86%
every
86%
another
85%
night
85%
now
84%
thing,
84%
Don't
83%
don't
83%
one
83%
already
82%
call
82%
girl
82%
into
82%
taxi
82%
With
82%
with
82%
hurt?
81%
hurt
81%
If
81%
if
81%
just
81%
my
81%
That
81%
dance
80%
heard
80%
hearing
80%
he's
80%
He's
80%
killer,
80%
serial
80%
wanna
80%
what's
80%
backseat,
79%
backseat
79%
can
79%
jerk,
79%
jerk
79%
lullaby
79%
who's
79%
worst
79%
day
78%
say,
78%
Baby
77%
baby
77%
crying
77%
moonlight
77%
Sitting
77%
said
76%
your
76%
AM,
75%
as
75%
they
75%
escapes
74%
guess
74%
bad
73%
summer
72%
2
71%
eyes
71%
eyes,
71%
feels
71%
from
71%
his
71%
sweatshirt,
71%
it's
70%
Looking
70%
parking
70%
was
70%
think
69%
hands
68%
cursed
67%
spot
66%
and
64%
bar
64%
hot
63%
sing
61%
Sing
61%
Hollywood
60%
alley
59%
down
59%
hold
59%
avenue
58%
pin
57%
tight
57%
Dropped
56%
Black
55%
being
52%
phone
52%
Rabbit
52%
dancing
51%
We
51%
tour
50%
while
48%
for
47%
Vine,
47%
life
44%
babies
43%
crazy
43%
drove
43%
you're
43%
music,
42%
should
42%
up
41%
pick
40%
town
38%
canyon,
37%
I'll
37%
Sunset
36%
Hum
35%
corner
34%
Left
34%
myself
34%
lightning
32%
lose
32%
club
31%
truck
29%
Laurel
6%

Score Distribution

Percentile by Number Answered

Percent of People with Each Score

Your Score History

You have not taken this quiz since the last reset